Všeobecná ruština pre mierne pokročilých I govorite po-russki? III
Saved in:
| Main Author: | |
|---|---|
| Corporate Author: | |
| Other Authors: | , , , |
| Format: | Book |
| Language: | Russian Slovak |
| Published: |
Bratislava
Vydavateľstvo EKONÓM
2013
|
| Edition: | 1. vyd. |
| Subjects: | |
| Tags: |
No Tags, Be the first to tag this record!
|
MARC
| LEADER | 00000nam a2200000 4500 | ||
|---|---|---|---|
| 001 | 0182599 | ||
| 005 | 20240502073126.3 | ||
| 020 | |a 978-80-225-3815-2 | ||
| 041 | 0 | |a rus | |
| 041 | 0 | |a slo | |
| 044 | |a SK | ||
| 245 | 1 | 0 | |a Všeobecná ruština pre mierne pokročilých I |b govorite po-russki? III |c Roman Kvapil, Michaela Dziváková, Gabriela Rechtoríková ; recenzenti: Dezider Kollár, Katarína Strelková |
| 250 | |a 1. vyd. | ||
| 264 | 1 | |a Bratislava |b Vydavateľstvo EKONÓM |c 2013 | |
| 300 | |a 122 s. [5,43 AH] | ||
| 610 | 2 | 0 | |a jazykoveda |
| 610 | 2 | 0 | |a terminológia |
| 610 | 2 | 0 | |a jazyky cudzie |
| 100 | 1 | |a Kvapil, Roman, 1971- | |
| 700 | 1 | |a Dziváková, Michaela, 1979- | |
| 700 | 1 | |a Rechtoríková, Gabriela | |
| 700 | 1 | |a Kollár, Dezider | |
| 700 | 1 | |a Strelková, Katarína | |
| 710 | 2 | |a Ekonomická univerzita v Bratislave. Fakulta aplikovaných jazykov | |